Alfabeto Fonetico Militar - Statistics

Estatísticas Gerais
  • Esse quiz foi jogado 749 vezes
  • A pontuação média é 17 de 26
Estatísticas das Respostas
Letras Resposta % Correto
A Alfa
98%
D Delta
88%
B Bravo
85%
C Charlie
84%
F Foxtrot
74%
I India
72%
E Echo
70%
H Hotel
70%
P Papa
67%
J Juliett
66%
L Lima
66%
G Golf
65%
K Kilo
64%
Z Zulu
64%
Q Quebec
62%
T Tango
62%
O Oscar
60%
M Mike
57%
X X-ray
57%
N November
56%
R Romeo
56%
S Sierra
56%
Y Yankee
55%
U Uniform
52%
V Victor
52%
W Whiskey
49%
Nenhum quiz correspondente encontrado
Distribuição das Pontuações
Porcentagem de Pessoas com Cada Pontuação
Percentil de Números Respondidos
Sua Pontuação Histórica
Você não jogou esse quiz